Представление документа в формате RUSMARC

ПолеНазваниеЗначение
  Тип записи a
  Библиографический уровень m
001 Контрольный номер RU/CBS_UL/BASE/b0a3a4eb684f4591857f499077d0db2f
005 Дата корректировки 20251121091217.1
010 Индекс ISBN __
a ISBN
d Цена 25 к.
9 Тираж 50 000 экз.
100 Данные общей обработки __
a Данные общей обработки 20251121d 0rusy0189## ca
101 Язык документа 0_
a Язык текста rus
102 Страна публикации __
a Страна публикации RU
200 Заглавие и сведения об ответственности 1_
a Заглавие Чудесный мир бумаги
f Первые сведения об ответственности Б. Я. Розен
g Последующие сведения об ответственности под ред. Ю. Н. Непенина
205 Сведения об издании __
a Основные сведения об издании 2-е изд., перераб. и доп.
210 Выходные данные 1_
a Место издания Москва
c Издательство Лесная промышленность
d Дата издания 1986
215 Физическое описание __
a Объем 127 с.
c Иллюстрации/тип воспроизводства ил.
d Формат 20 см.
225 Серия 2_
a Серия Научно-популярная библиотека школьника
300 Общие примечания __
a Общие примечания 16+
606 Тематические рубрики 0_
a Основная рубрика Химическая технология - Бумага
610 Ключевые слова 0_
a Ключевые слова бумага; история появления; применение; современная технология; перспективы развития
686 Индексы других классификаций __
2 Код системы rubbk
a Классификационный индекс 35
700 Автор _1
a Фамилия Розен
b Имя (инициалы) Б. Я.
g Полное личное имя Борис Яковлевич
801 Источник записи _0
a Страна RU
b Организация МБУК ЦБС г. Ульяновска
c Дата составления 20251121
g Правила каталогизации RCR
801 Источник записи _1
a Страна RU
b Организация МБУК ЦБС г. Ульяновска
c Дата составления 20251121
g Правила каталогизации RCR
852 Данные о местонахождении __
i Авторский знак Р 64
j Шифр хранения 35
901 Тип документа __
t Тип документа m
909 Создатель записи __
a Создатель записи obr6
b Дата создания записи 20251121